<?xml version="1.0" encoding="UTF-8"?><?xml-stylesheet type="text/xsl" href="static/style.xsl"?><OAI-PMH xmlns="http://www.openarchives.org/OAI/2.0/" xmlns:xsi="http://www.w3.org/2001/XMLSchema-instance" xsi:schemaLocation="http://www.openarchives.org/OAI/2.0/ http://www.openarchives.org/OAI/2.0/OAI-PMH.xsd"><responseDate>2026-04-17T20:14:17Z</responseDate><request verb="GetRecord" identifier="oai:www.recercat.cat:10230/69156" metadataPrefix="marc">https://recercat.cat/oai/request</request><GetRecord><record><header><identifier>oai:recercat.cat:10230/69156</identifier><datestamp>2025-12-20T16:56:21Z</datestamp><setSpec>com_2072_6</setSpec><setSpec>col_2072_452952</setSpec></header><metadata><record xmlns="http://www.loc.gov/MARC21/slim" xmlns:dcterms="http://purl.org/dc/terms/" xmlns:xsi="http://www.w3.org/2001/XMLSchema-instance" xmlns:doc="http://www.lyncode.com/xoai" xsi:schemaLocation="http://www.loc.gov/MARC21/slim http://www.loc.gov/standards/marcxml/schema/MARC21slim.xsd">
   <leader>00925njm 22002777a 4500</leader>
   <datafield ind2=" " ind1=" " tag="042">
      <subfield code="a">dc</subfield>
   </datafield>
   <datafield ind2=" " ind1=" " tag="720">
      <subfield code="a">Pretel, David</subfield>
      <subfield code="e">author</subfield>
   </datafield>
   <datafield ind2=" " ind1=" " tag="260">
      <subfield code="c">2025-01-16T12:20:40Z</subfield>
   </datafield>
   <datafield ind2=" " ind1=" " tag="260">
      <subfield code="c">2025-01-16T12:20:40Z</subfield>
   </datafield>
   <datafield ind2=" " ind1=" " tag="260">
      <subfield code="c">2020</subfield>
   </datafield>
   <datafield ind2=" " ind1=" " tag="520">
      <subfield code="a">El presente artículo aborda el impacto del cambio tecnológico en la evolución de las fronteras de producción de mercancías tropicales por medio del estudio de los casos del palo de tinte y el chicle en la península yucateca desde mediados del siglo XIX hasta la segunda guerra mundial. Tres son los propósitos de este texto. En primer lugar, poner de relieve el papel que el cambio tecnológico a distintas escalas tuvo en el auge y declive de las cadenas globales de mercancías tropicales, en particular forestales, durante los años de la llamada segunda revolución industrial. En segundo lugar, argumentar que los ciclos de explotación del palo de tinte y el chicle en la península de Yucatán estuvieron determinados por la articulación de tecnologías globales y locales, en concreto químicas, botánicas y mecánicas. En tercer lugar, demostrar que las cadenas globales de transformación de estos dos recursos forestales fueron espacios de sincronía tecnocientífica, al conectar dos culturas tecnológicas disímiles.</subfield>
   </datafield>
   <datafield ind2="0" ind1="0" tag="245">
      <subfield code="a">Reacciones en cadena: cambio tecnológico global y frontera forestal en la península de Yucatán (ca. 1850-1950)</subfield>
   </datafield>
</record></metadata></record></GetRecord></OAI-PMH>